000 01104 a2200301 4500
003 Nust
005 20221020174121.0
010 _a 2008022812
020 _a0470164026
020 _a9780470164020
035 _a(OCoLC)228701416
035 _a(OCoLC)ocn228701416
040 _cNust
082 0 0 _a620.01,DEN
100 1 _aBuede, Dennis M.
_9101051
245 1 4 _aThe engineering design of systems :
_bmodels and methods /
_cDennis M. Buede.
250 _a2nd ed.
260 _aHoboken, N.J. :
_bJohn Wiley & Sons,
_cc2009.
300 _axiv, 516 p. :
_bill. ;
_c25 cm.
490 1 _aWiley series in systems engineering and management
505 _aPart 1: Introduction , Overview, and Basic Knowledge (Page-1), Part 2: Design and Integration (Page-149), Part 3: Supplemental Topics (Page-373).
650 0 _aEngineering design.
650 0 _aSystem design.
_92255
650 0 _aSystems engineering.
830 0 _aWiley series in systems engineering and management.
_91592
856 4 1 _3Table of contents only
_uhttp://www.loc.gov/catdir/toc/ecip0819/2008022812.html
942 _2ddc
_cBK
999 _c212517
_d212517